|
|
|
|
| LEADER |
00000nab a2200000 4500 |
| 001 |
vtls011899513 |
| 003 |
SK-MaSNL |
| 005 |
20260305004014.0 |
| 008 |
191112|20191112xo |||| || ||00 0|slo |
| 015 |
|
|
|a SNBRB2019/11
|
| 040 |
|
|
|a DSZK
|b slo
|c DSZK
|e rda
|
| 041 |
0 |
|
|a slo
|
| 043 |
|
|
|a e-xo---
|
| 044 |
|
|
|a xo
|c SK
|
| 072 |
|
7 |
|a 796
|x Šport. Hry. Telesné cvičenia
|2 konspekt
|
| 080 |
|
|
|a 796.85.071.2(437.6)
|2 2011
|
| 100 |
1 |
|
|a Solga, Adam
|4 ivr
|9 1036514
|
| 245 |
1 |
0 |
|a Všetci sa zranili, len Attila nie
|b tréner Mečár vraví, že nič horšie ako náročná príprava Végha nemohlo stretnúť
|c Adam Solga, Matúš Mečár
|
| 300 |
|
|
|b Fotografie
|
| 336 |
|
|
|a text
|b txt
|2 rdacontent
|
| 337 |
|
|
|a bez média
|b n
|2 rdamedia
|
| 338 |
|
|
|a zväzok
|b nc
|2 rdacarrier
|
| 600 |
1 |
7 |
|a Végh, Attila,
|d 1985-
|2 SNKMA
|9 167383
|
| 611 |
2 |
7 |
|a Zápas storočia
|d (2019 :
|c Praha, Česko)
|2 dszk
|9 1581364
|
| 650 |
0 |
7 |
|a bojové umenia
|2 SNKPH
|9 3247
|
| 650 |
0 |
7 |
|a majstri bojových umení
|2 SNKPH
|9 104227
|
| 651 |
|
7 |
|a Gabčíkovo (Slovensko)
|2 SNKPHgeo
|9 23512
|
| 700 |
1 |
|
|a Mečár, Matúš
|4 ive
|9 1581365
|
| 773 |
0 |
|
|t Šport
|g Roč. 73, č. 263 (12.11.2019), s. 22
|x 0139-7001
|
| 958 |
|
|
|a SK
|
| 958 |
|
|
|a RG
|
| 999 |
|
|
|c 3233513
|d 3235443
|